[Event "FRA-chT III 0203"]
[Site "France"]
[Date "2002.12.08"]
[Round "3"]
[White "Raymond, Didier"]
[Black "Mosconi, Alain"]
[Result "1-0"]
[WhiteElo "1490"]
[BlackElo "1650"]
[PlyCount "102"]
[EventDate "2002.??.??"]
[EventType "team-tourn"]
[EventRounds "7"]
[EventCountry "FRA"]
[SourceTitle "EXT 2007"]
[Source "ChessBase"]
[SourceDate "2006.11.23"]
[SourceVersion "1"]
[SourceVersionDate "2006.11.23"]
[SourceQuality "1"]

1. e4 c5 2. Nf3 d6 3. c3 Nc6 4. d4 cxd4 5. Nxd4 e5 6. Nf3 Nf6 7. Bg5 h6 8. Bxf6 Qxf6 9. Be2 Be7 10. 0-0 0-0 11. Nbd2 Qg6 12. Kh1 b6 13. Bc4 Bb7 14. Bd5 Rab8 15. Qa4 Rfc8 16. Qa3 Rc7 17. Rad1 Na5 18. Rfe1 Bxd5 19. exd5 Rbb7 20. Qa4 f5 21. Qc2 Rb8 22. b3 Rf8 23. c4 Nb7 24. b4 Qf6 25. Nf1 g5 26. Qe2 f4 27. N3d2 Qg6 28. Ne4 g4 29. Nfd2 h5 30. Rg1 Bd8 31. Nf3 Qf5 32. Nfd2 Kh8 33. a4 Rcf7 34. a5 bxa5 35. bxa5 Bxa5 36. Ra1 Bb6 37. c5 Nxc5 38. Nxd6 Qf6 39. Nxf7+ Rxf7 40. Nc4 e4 41. Nxb6 axb6 42. Rad1 Nd3 43. f3 g3 44. Rxd3 exd3 45. Qxd3 gxh2 46. Re1 Re7 47. Rxe7 Qxe7 48. Qd4+ Kg8 49. Qxf4 b5 50. d6 Qf7 51. Qg5+ Qg7 1-0